|
|
|
|
| LEADER |
00000nab a2200000 a 4500 |
| 001 |
vtls000656955 |
| 003 |
SK-MaSNL |
| 005 |
20260304084126.0 |
| 008 |
250425c1997 xo 0 slo |
| 015 |
|
|
|a SNBRA1998/03-06202
|
| 035 |
|
|
|a CLN000009147
|
| 035 |
|
|
|a urn:nbn:sk:snk-ab9cwf
|
| 035 |
|
|
|a (urnnbn)urn:nbn:sk:snk:ar-a089gz
|
| 035 |
|
|
|a (uuid)38e526b0-f783-41a8-afaa-a43d70a125a0
|
| 040 |
|
|
|a SNKBUCL
|b slo
|c SNKBUCL
|e AACR2
|
| 041 |
0 |
|
|a eng
|
| 044 |
|
|
|a xo
|c SK
|
| 080 |
|
|
|a 564:591.5(234.372.3)"624/627"
|2 1997
|
| 080 |
|
|
|a 551.79
|2 1997
|
| 100 |
1 |
|
|a Kernátsová, Jana
|4 aut
|9 13142
|
| 245 |
1 |
0 |
|a Ecologic evaluation of malacofauna from the middle terraces loess cover, southern part of the Nitra hilly land hilly land
|c Jana Kernátsová
|
| 300 |
|
|
|b Diagr., obr., tab.
|e Obr. príl. 5 s.
|
| 504 |
|
|
|a Res. angl. Bibliogr. odkazy
|
| 650 |
0 |
7 |
|a mäkkýše
|y kvartér
|z Nitrianska pahorkatina (Slovensko)
|2 snkbucl
|9 1376108
|
| 651 |
|
7 |
|a Nitrianska pahorkatina (Slovensko)
|x uloženiny sprašové
|2 snkbucl
|9 1376109
|
| 655 |
|
7 |
|a články z novín a časopisov
|2 snkbucl
|9 267496
|
| 773 |
0 |
|
|t Slovak geological magazine
|g Roč. 3, č. 4 (1997), s. 231-246
|x 1335-96X
|
| 850 |
|
|
|a Slovenská národná knižnica
|
| 852 |
|
|
|a Slovenská národná knižnica
|
| 958 |
|
|
|a article13
|
| 958 |
|
|
|a OND
|
| 958 |
|
|
|a SK
|
| 958 |
|
|
|a NB
|
| 958 |
|
|
|a EUIPO
|
| 999 |
|
|
|c 2802103
|d 2804033
|